=LDR 00000nam 2200000 4500 =001 NUTBA000000000001869 =005 20200907091633 =035 ##$$a 0010-051400000000334 =008 200907################g##########0#ind## =020 ##$$a 978-979-769-417-3 =082 ##$$a 302.23 =090 ##$$a 302.23 Apr a =100 #$$a Apriadi Tamburaka =245 1#$$a Agenda setting media massa /$c Apriadi Tamburaka =260 ##$$a Jakarta :$b Rajawali Pers,$c 2013 =300 ##$$a xvi, 178 hlm ; $c 14 x 21 cm =084 ##$$a 302.23 APR a =250 ##$$a cet.2 =650 #4$$a Media massa =990 ##$$a 21302742 =990 ##$$a 21302739 =990 ##$$a 21302743 =990 ##$$a 21302740 =990 ##$$a 21302741